| 000 | 01111nam a22003377a 4500 | ||
|---|---|---|---|
| 003 | CHAP | ||
| 005 | 20220329133648.0 | ||
| 008 | 971013s1992 r 00010 d | ||
| 010 | _a9169 | ||
| 011 | _a10141 | ||
| 035 | _a9378 | ||
| 040 | _cCHAP | ||
| 082 |
_a636.08 _bP4 |
||
| 100 | 0 | 0 |
_aPhillips, Clive J. C. _eed. _987806 |
| 245 | _aFarm animals and the environment | ||
| 260 |
_aWallingford, UK : _bC.A.B. International, _c1992 |
||
| 300 |
_a430 p. _b: ilus |
||
| 590 |
_aBATCH-UPD _b10 _c20130110 _lUCH01 _h0216 |
||
| 590 |
_aBATCH-UPD _b10 _c20130110 _lUCH01 _h1225 |
||
| 590 |
_aBATCH-UPD _b10 _c20130409 _lUCH01 _h2234 |
||
| 590 |
_aBATCH-UPD _b10 _c20130410 _lUCH01 _h0956 |
||
| 590 |
_aBATCH-UPD _b10 _c20130914 _lUCH01 _h1504 |
||
| 590 |
_aCONVERSION _b10 _c20130109 _lUCH01 _h1306 |
||
| 650 | 1 | 4 |
_aGanado _xEfecto del medio ambiente. _944907 |
| 650 | 1 | 4 |
_aGanado _xProducción. _944945 |
| 650 | 1 | 4 |
_aTensión _xEfecto en animales. _9112282 |
| 700 | 0 |
_aPiggins, David _eed. _988053 |
|
| 901 | _aBK | ||
| 942 | _cLIBRO | ||
| 949 |
_a636.08 P4 _bBC _cLIBRO _d33724000260998 _eLIBRO _gI. 170417 _h85590 _i9378 _si _t250.57 |
||
| 999 |
_c9169 _d9169 |
||